00428cam a2200169ua 45000010005000000080039000050200018000440400009000620410008000710820008000791000026000872450062001132500009001752600031001843000014002156530029002297024141119n ii |||gr||||Z||||||eng a9780195668339 cMAIN aeng a324 aHasan, Zoya,eEditor.1 aParties and party politics in IndiacEdited by Zoya Hasan a1st. aNew Delhi:bOxford,c2012. axvi,566p. aIndian political parties